000 00847nam a2200253Ia 4500
003 OSt
005 20221005103700.0
006 a|||||r|||| 00| 0
007 ta
008 221004b |||||||| |||| 00| 0 hin d
024 _a107827
037 _cTextual
040 _aCRL
_cCRL
_bhin
041 _2hin
_ahin
082 _aO1521xN6, M3
100 _aविश्वास, विनय, संपा.
245 0 _aअंधेरों के खि़लाफ़
246 _aAandheroan ke khi़lāफ़
260 _aदिल्ली
_bअनुबन्ध प्रकाशन भारत
_c1983
300 _a107पृ0
_ccm.
650 _aहिन्दी साहित्य
942 _hO1521xN6, M3
_cTEXL
_2cc
999 _c1010607
_d1010607